000 00634nam a2200193Ia 4500
005 20250508162051.0
008 008 250505s9999 xx 000 0 eng d
020 _a0-335-06610-0
037 _aTextual
040 _aFEDL
_beng
_cFEDL
041 _aeng
_2eng
084 _a374.8, OPE
_qFEDL
245 0 _aManagement and the academic board in further education colleges
260 _aWalton Hall
_bThe Open University Press
_c1977
300 _a64p.
546 _aThe open university educational studies: A third level course E321 management in education
942 _cTEXL
_h374.8, OPE
999 _c1374173
_d1374173